Inmigración y ciudadanía (Record no. 92625)

MARC details
000 -LEADER
campo de control de longitud fija 01315nam a2200289 i 4500
001 - NÚMERO DE CONTROL
campo de control 92625
003 - IDENTIFICADOR DE NÚMERO DE CONTROL
campo de control ES-MaACL
005 - FECHA Y HORA DE LA ÚLTIMA TRANSACCIÓN
campo de control 20230906181022.0
007 - CAMPO FIJO DE DESCRIPCIÓN FÍSICA--INFORMACIÓN GENERAL
campo de control de longitud fija t|
008 - DATOS DE LONGITUD FIJA--INFORMACIÓN GENERAL
campo de control de longitud fija 050408s2003 sp ||||1| spa d
020 ## - NÚMERO INTERNACIONAL ESTÁNDAR DEL LIBRO
Número Internacional Estándar del Libro 84-95301-82-2
080 ## - NÚMERO DE LA CLASIFICACIÓN DECIMAL UNIVERSAL
Número de la Clasificación Decimal Universal 364.65-054.72:351.83/.84(4-672 UE)(063)
080 ## - NÚMERO DE LA CLASIFICACIÓN DECIMAL UNIVERSAL
Número de la Clasificación Decimal Universal 314.15(4-672 UE):314.7(063)
245 00 - MENCIÓN DEL TÍTULO
Título Inmigración y ciudadanía
Resto del título : perspectivas sociojurídicas /
Mención de responsabilidad, etc. coordinadores, José Martínez de Pisón y Joaquín Giró Miranda.
260 ## - PUBLICACIÓN, DISTRIBUCIÓN, ETC.
Lugar de publicación, distribución, etc. Logroño :
Nombre del editor, distribuidor, etc. Universidad de La Rioja, Servicio de Publicaciones,
Fecha de publicación, distribución, etc. 2003.
300 ## - DESCRIPCIÓN FÍSICA
Extensión 159 p. ;
Dimensiones 24 cm.
490 1# - MENCIÓN DE SERIE
Mención de serie Colección jurídica ;
Designación de volumen o secuencia 20
500 ## - NOTA GENERAL
Nota general Ponencias presentadas en las Jornadas sobre "Inmigración y Ciudadanía Europea" celebradas enla Universidad de La Rioja los días 24 y 25 de octubre de 2002.
504 ## - NOTA DE BIBLIOGRAFÍA, ETC.
Nota de bibliografía, etc. Incluye referencias bibliográficas.
650 14 - PUNTO DE ACCESO ADICIONAL DE MATERIA--TÉRMINO DE MATERIA
Término de materia o nombre geográfico como elemento de entrada Emigración e inmigración-
Subdivisión general Política gubernamental-
Subdivisión geográfica Países de la Unión Europea-
Subdivisión de forma Congresos y asambleas.
9 (RLIN) 12192
700 1# - ENTRADA AGREGADA--NOMBRE PERSONAL
Nombre de persona Martínez de Pisón, José.
9 (RLIN) 78027
700 1# - ENTRADA AGREGADA--NOMBRE PERSONAL
Nombre de persona Giró Miranda, Joaquín.
9 (RLIN) 57260
711 2# - ENTRADA AGREGADA--NOMBRE DE REUNIÓN
Nombre de congreso/reunión o jurisdicción como elemento de entrada Jornadas sobre "Inmigración y Ciudadanía Europea" (
Fecha del congreso o de la firma del tratado 2002.
Sede del congreso/Lugar de la reunión Logroño)
9 (RLIN) 872
830 0# - PUNTO DE ACCESO ADICIONAL DE SERIE-TÍTULO UNIFORME
Título uniforme Colección jurídica ;
Designación de volumen o secuencia 20
9 (RLIN) 184258
852 ## - LOCALIZACIÓN
Ubicación ES-MaACL
Número de control de estantería L-29046
Sublocalización o colección R.135588
Holdings
Estatus retirado Estado de pérdida Estado de daño No para préstamo Biblioteca de origen Biblioteca actual Ubicación en estantería Fecha de adquisición Fuente de adquisición Total de préstamos Signatura topográfica completa Código de barras Visto por última vez Precio de reemplazo Tipo de ítem Koha
        Biblioteca del Ateneo de Madrid Biblioteca del Ateneo de Madrid Depósito 2 17/01/2008     L-29046 1096698 23/02/2023 23/02/2023 Libro impreso